Central Library OPAC University of Rajshahi

Molecular Association / (Record no. 74591)

MARC details
000 -LEADER
fixed length control field 00663nam a22002417 4500
001 - CONTROL NUMBER
control field 74591
003 - CONTROL NUMBER IDENTIFIER
rucl marc code BD-RjUL
005 - DATE AND TIME OF LATEST TRANSACTION
control field 20211209082556.0
008 - FIXED-LENGTH DATA ELEMENTS--GENERAL INFORMATION
fixed length control field 181105s1975 u a|||| b||| 001 0 eng d
020 ## - INTERNATIONAL STANDARD BOOK NUMBER
International Standard Book Number 0122627016
035 ## - SYSTEM CONTROL NUMBER
System control number (BD-RjUL)74809
040 ## - CATALOGING SOURCE
Original cataloging agency BD-RjUL
Language of cataloging eng
Transcribing agency BD-RjUL
041 ## - LANGUAGE CODE
Language code of text/sound track or separate title eng
082 ## - DEWEY DECIMAL CLASSIFICATION NUMBER
Edition number 23
Classification number 541.22
Author mark and year MOL 1975
245 ## - TITLE STATEMENT
Title Molecular Association /
Remainder of title Edited by R. Foster
260 00 - PUBLICATION, DISTRIBUTION, ETC. (IMPRINT)
Place of publication, distribution, etc. London :
Name of publisher, distributor, etc. Academic press ,
Date of publication, distribution, etc. 1975
300 ## - PHYSICAL DESCRIPTION
Pagination V. :
Illustrations ill ;
Size 23 cm
504 ## - BIBLIOGRAPHY, ETC. NOTE
Bibliography, etc Includes bibliographical References and Index
520 ## - SUMMARY, ETC.
Summary, etc. Vol. 1.--
650 ## - SUBJECT ADDED ENTRY--TOPICAL TERM
Topical term or geographic name as entry element Molecular Stucture
9 (RLIN) 224697
700 ## - ADDED ENTRY--PERSONAL NAME
Personal name Foster, R.
942 ## - ADDED ENTRY ELEMENTS (KOHA)
Source of classification or shelving scheme Dewey Decimal Classification
Koha item type Books
Holdings
Lost status Source of classification or shelving scheme Damaged status Not for loan Collection code Permanent Location Current Location Shelving location Date acquired Source of acquisition Cost, normal purchase price Total Checkouts Full call number Date last seen Copy number Koha item type
  Dewey Decimal Classification   Not For Loan Non-fiction Central Library, University of Rajshahi Central Library, University of Rajshahi Reading Room 22/02/1980 Heffers 12.50   541.22 MOL 1975 V-1 05/11/2018 C-1 Books